<?xml version="1.0" encoding="UTF-8"?>
<collection xmlns="http://www.loc.gov/MARC21/slim">
  <record>
    <leader>00000nam  2200000   4500</leader>
    <controlfield tag="001">INLIS000000000000586</controlfield>
    <controlfield tag="005">20180724135444</controlfield>
    <controlfield tag="008">180724|||||||||   |   |||   |||| ||   | </controlfield>
    <datafield tag="035" ind1=" " ind2=" ">
      <subfield code="0">010-0718000586</subfield>
    </datafield>
    <datafield tag="041" ind1=" " ind2=" ">
      <subfield code="a">id</subfield>
    </datafield>
    <datafield tag="082" ind1=" " ind2=" ">
      <subfield code="a">018</subfield>
    </datafield>
    <datafield tag="090" ind1=" " ind2=" ">
      <subfield code="a">R 018 PIM I 2013</subfield>
    </datafield>
    <datafield tag="100" ind1=" " ind2=" ">
      <subfield code="a">Yustinus, Susilo</subfield>
    </datafield>
    <datafield tag="245" ind1=" " ind2=" ">
      <subfield code="a">Optimalisasi pengelolaan penerimaan  negara bukan pajak (PNBP) Kejaksaan Republik Indonesia</subfield>
    </datafield>
    <datafield tag="260" ind1=" " ind2=" ">
      <subfield code="a">Jakarta</subfield>
      <subfield code="b">Lembaga Aministras Negara RI</subfield>
      <subfield code="c">2013</subfield>
    </datafield>
    <datafield tag="500" ind1=" " ind2=" ">
      <subfield code="a">Karena PNBP mempunyai peran strategis dalam mendukung pembiayaan pembangunan nasional, maka pengelolaan PNBP perlu dioptimalkan antara lain melalui peningkatan kualitas dalam penyusunan dan penyampaian rencana dan laporan realisasi PNBP yang lebih realistis, akuntabel, serta transparan.  &#13;
Berdasarkan perkembangan realisasi tahun berjalan realisasi PNBP Kejaksaan RI sampai dengan akhir tahun 2013 diperkirakan melampaui target yang telah ditetapkan.  Walaupun demikian, meningkatnya realisasi PNPB pada Kejaksaan RI, tidak merta ini menunjukkan kesuksesan yang tinggi, hal ini dari potensi PNPB yang ada, tingkat kualitas pelaporan masih rendah, belum tertibnya administrasi, sebagaimana hasil audit BPK RI memperoleh Opini Wajar Dengan Pengecualian (WDP).  Hal ini menandakan adanya perbaikan-perbaikan mendasar yang telah dilakukan selama dua tahun terakhir.</subfield>
    </datafield>
    <datafield tag="650" ind1=" " ind2=" ">
      <subfield code="a">Penerimaan Negara Bukan Pajak (PNBP) -- Proyek Perubahan PIM1</subfield>
    </datafield>
  </record>
</collection>
